Losowe powiaty – wisielec - Statystyki

Ogólne statystyki
  • Ten quiz został rozwiązany 272 razy
  • Średni wynik to 5 z 9
Statystyki odpowiedzi
List % Poprawnych
A
100%
A
100%
A
100%
A
100%
A
100%
A
100%
A
100%
A
100%
A
100%
A
100%
A
100%
B
100%
C
100%
C
100%
C
100%
C
100%
C
100%
C
100%
C
100%
D
100%
D
100%
E
100%
E
100%
E
100%
E
100%
E
100%
E
100%
E
100%
E
100%
E
100%
Ę
100%
G
100%
G
100%
H
100%
H
100%
I
100%
I
100%
I
100%
I
100%
I
100%
I
100%
I
100%
I
100%
I
100%
I
100%
I
100%
I
100%
I
100%
I
100%
I
100%
I
100%
I
100%
I
100%
I
100%
I
100%
I
100%
I
100%
I
100%
I
100%
I
100%
I
100%
I
100%
I
100%
I
100%
I
100%
I
100%
I
100%
I
100%
I
100%
I
100%
I
100%
I
100%
I
100%
I
100%
K
100%
K
100%
K
100%
K
100%
K
100%
K
100%
K
100%
K
100%
K
100%
K
100%
K
100%
K
100%
K
100%
K
100%
K
100%
K
100%
K
100%
K
100%
K
100%
K
100%
K
100%
K
100%
K
100%
K
100%
K
100%
K
100%
K
100%
K
100%
L
100%
L
100%
Ł
100%
L
100%
M
100%
M
100%
N
100%
N
100%
N
100%
Ń
100%
N
100%
Ń
100%
O
100%
O
100%
O
100%
Ó
100%
O
100%
O
100%
O
100%
O
100%
O
100%
O
100%
O
100%
O
100%
O
100%
O
100%
O
100%
O
100%
O
100%
O
100%
O
100%
P
100%
R
100%
R
100%
R
100%
R
100%
R
100%
R
100%
S
100%
S
100%
S
100%
S
100%
S
100%
S
100%
S
100%
Ś
100%
S
100%
S
100%
S
100%
S
100%
S
100%
S
100%
S
100%
S
100%
S
100%
S
100%
S
100%
S
100%
T
100%
U
100%
W
100%
W
100%
W
100%
W
100%
W
100%
W
100%
Y
100%
E
75%
E
75%
I
75%
K
75%
K
75%
P
75%
S
75%
S
75%
Ą
67%
A
67%
A
67%
E
67%
G
67%
I
67%
I
67%
I
67%
I
67%
I
67%
J
67%
K
67%
K
67%
K
67%
M
67%
N
67%
N
67%
O
67%
O
67%
O
67%
R
67%
S
67%
S
67%
W
67%
W
67%
Ą
50%
B
50%
B
50%
C
50%
C
50%
D
50%
D
50%
E
50%
G
50%
G
50%
G
50%
I
50%
I
50%
I
50%
I
50%
I
50%
I
50%
K
50%
K
50%
K
50%
K
50%
K
50%
K
50%
K
50%
K
50%
L
50%
L
50%
Ł
50%
L
50%
Ł
50%
M
50%
N
50%
Ń
50%
Ń
50%
O
50%
O
50%
R
50%
R
50%
R
50%
S
50%
S
50%
S
50%
S
50%
S
50%
S
50%
S
50%
S
50%
T
50%
Z
50%
Z
50%
C
33%
I
33%
I
33%
I
33%
I
33%
K
33%
Ł
33%
L
33%
N
33%
O
33%
P
33%
S
33%
Ś
33%
W
33%
W
33%
W
33%
Y
33%
C
25%
E
25%
E
25%
H
25%
J
25%
N
25%
Ń
25%
W
25%
W
25%
A
0%
A
0%
Ą
0%
A
0%
A
0%
B
0%
B
0%
B
0%
B
0%
C
0%
C
0%
C
0%
C
0%
D
0%
D
0%
D
0%
D
0%
D
0%
D
0%
D
0%
D
0%
D
0%
E
0%
Ę
0%
Ę
0%
E
0%
E
0%
F
0%
G
0%
G
0%
G
0%
G
0%
H
0%
H
0%
I
0%
I
0%
I
0%
I
0%
I
0%
I
0%
I
0%
I
0%
I
0%
I
0%
I
0%
I
0%
I
0%
I
0%
I
0%
I
0%
J
0%
J
0%
J
0%
K
0%
K
0%
K
0%
K
0%
K
0%
K
0%
K
0%
K
0%
K
0%
K
0%
K
0%
K
0%
K
0%
K
0%
K
0%
K
0%
K
0%
L
0%
L
0%
Ł
0%
L
0%
Ł
0%
M
0%
N
0%
N
0%
Ń
0%
N
0%
Ń
0%
N
0%
Ń
0%
Ń
0%
Ń
0%
Ń
0%
Ń
0%
N
0%
Ń
0%
N
0%
O
0%
O
0%
O
0%
O
0%
O
0%
O
0%
O
0%
O
0%
O
0%
O
0%
O
0%
O
0%
O
0%
P
0%
P
0%
P
0%
P
0%
P
0%
R
0%
R
0%
R
0%
R
0%
R
0%
R
0%
R
0%
R
0%
R
0%
R
0%
R
0%
R
0%
R
0%
S
0%
Ś
0%
S
0%
S
0%
S
0%
S
0%
S
0%
S
0%
S
0%
S
0%
S
0%
S
0%
S
0%
S
0%
S
0%
S
0%
S
0%
S
0%
S
0%
T
0%
T
0%
T
0%
T
0%
T
0%
T
0%
U
0%
U
0%
U
0%
U
0%
W
0%
W
0%
W
0%
W
0%
W
0%
W
0%
W
0%
W
0%
W
0%
W
0%
W
0%
W
0%
Y
0%
Y
0%
Y
0%
Y
0%
Y
0%
Y
0%
Z
0%
Z
0%
Z
0%
Z
0%
Z
0%
Z
0%
Ż
0%
Z
0%
Z
0%
Z
0%
Z
0%
Z
0%
Ż
0%
Nie znaleziono quizów pasujących do podanych kryteriów
Rozkład punktacji
Procent ludzi z każdym wynikiem
Percentyl według liczby udzielonych odpowiedzi
Twoja historia wyników
Nie rozwiązałeś tego quizu